000
00320nam a2200133Ia 4500
008
190216s9999||||xx |||||||||||||| ||und||
100
_a
Bernard Moody
245
0
_a
Comparative Inorganic Chemistry
250
_a
3rd Ed.
260
_b
Cbs Publishers
_c
1996
300
_a
562
650
_a
Chemistry-Chemistry
942
_c
BK
999
_c
2969
_d
2969